| 000 | 00409pab a2200157 454500 | ||
|---|---|---|---|
| 008 | 180718b2009 xxu||||| |||| 00| 0 eng d | ||
| 100 | _aGratz, Jonas | ||
| 245 | _aEnergy relations with Russia and gas market liberalization | ||
| 260 | _c2009 | ||
| 300 | _ap.66-80. | ||
| 650 | _aLiberalization | ||
| 650 | _aEnergy policy | ||
| 773 | _aInternational Politics and Society | ||
| 908 | _aN | ||
| 909 | _a83702 | ||
| 999 |
_c83702 _d83702 |
||